1572 1339 1466 1023 1558 1198 1574 1877 1350 1933 1785 1673 1444 1341 1572 1408 1681 1203 1923 1013 1621 1101 1137 1584 1478 1597 1605 1902 1779 1191 1391 1495 1348 1219 1925 1751 1445 1741 1831 1069 1842 1572 1937 1495 1716 1066 1287 1180 1259 1906 1634 1730 1508 1661 1796 1647 1397 1084 1692 1048 1267 1516 1677 1188 1096 1119 1750 1810 1320 1597 1201 1755 1462 1933 1419 1563 1096 1239 1776 1709 1522 1603 1679 1530 1883 1116 1370 1684 1710 1987 1598 1814 1629 1468 1482 1276 1006 1275 1291 BCNSPRNW ULIB Ver.6.0+V

เปลี่ยนเป็นภาษาไทย

Change to English
 แสดงรายละเอียดบรรณานุกรม
  กลับหน้าหลัก

Brief Record : Get Marc (ISO 2709) : E-mail record : QR code < ปิดหน้าต่าง
LEADER : 00000nam 2200000uu 4500
001    13399125264
003     ULIB
008    161213s2559||||th 000 0 tha d
020    ^a9786161130824
060  4 ^aW20.5^bก169ม
110 2  ^aกรมวิทยาศาสตร์การแพทย์
245 10 ^aมาตรฐานการปฏิบัติงาน:^bคณะกรรมการจริยธรรมการวิจัยในมนุษย์ กรมวิทยาศาสตร์การแพทย์/^cกรมวิทยาศาสตร์การแพทย์
246 30 ^
250    ^aพิมพ์ครั้งที่ 1
260    ^aนนทบุรี :^bกรมวิทยาศาสตร์การแพทย์,^c2559
300    ^a21 หน้า
650  7 ^aจริยธรรม^xการปฏิบัติงาน
650  7 ^aมาตรฐาน
945    ^p0^l0^i001573
999    ^aณรีรัตน์ วารุกา
รายการนี้ยังไม่มีแท็ก
คุณยังไม่ได้ล็อกอิน คุณสามารถมีกิจกรรมร่วมกับเว็บไซต์ได้ แต่ต้องล็อกอินก่อน ::
  ล็อกอิน

รายการสื่อสารสนเทศ

ลำดับที่ ประเภท เลขเรียก/บาร์โค้ด สถานที่ สถานะ
1. การศึกษาทั่วไป
การศึกษาทั่วไป
สถานะ=หนังสือเก่า
W20.5 ก169ม ฉ.1 
  Barcode: 001573
ห้องสมุดวิทยาเขตสวรรค์ประชารักษ์
►ส่วนจัดเก็บหนังสือเก่า สปร
บนชั้น
  ขอยืม

รายการใกล้เคียง
    หัวเรื่อง [มาตรฐาน]

BibComment


ยังไม่เคยถูกคอมเมนท์

คอมเมนท์ทรัพยากรรายการนี้
  คอมเมนท์: มาตรฐานการปฏิบัต..


 Copyright 2026. Bcnsprnw @Library